| 000 | 00403cam a2200169ua 4500 | ||
|---|---|---|---|
| 020 | _c2.00 | ||
| 041 |
_ahin _h |
||
| 082 |
_a891.54 _bHEM/SA |
||
| 100 | _aHemingway, Earnest . | ||
| 245 |
_aSagar aur manushya / _cErnest Hemingway. _hTextual Documents |
||
| 260 |
_a : _bRajpal and Sanch , _c1959. |
||
| 300 | _a112 ; . | ||
| 365 | _a2.00 | ||
| 504 | _a | ||
| 942 | _cBK | ||
| 999 |
_c8064 _d8064 |
||